| 000 | 00551nam a22001937a 4500 | ||
|---|---|---|---|
| 003 | OSt | ||
| 005 | 20240605021506.0 | ||
| 008 | 240605b |||||||| |||| 00| 0 eng d | ||
| 020 | _a9718510044 | ||
| 040 |
_aDWC- Main Lib _cOC |
||
| 082 | _aFil. 621 B554e 2009 | ||
| 100 | _aBesavilla, Venancio I Jr | ||
| 245 |
_aEngineering mechanics / _cVenancio I Jr Besavilla. |
||
| 250 | _aSecond edition. | ||
| 260 |
_aCebu City : _bVIB Publisher, _cc2009 |
||
| 300 |
_a529 pages : _billustrations ; _c21cm. |
||
| 650 | _a1. Mechanics | ||
| 942 |
_2ddc _cBK - FIL _n1 |
||
| 999 |
_c169 _d169 |
||